| 000 | 01123nam a2200313Ia 4500 | ||
|---|---|---|---|
| 005 | 20220317001019.0 | ||
| 008 | 160825s2008 ck g 000 0 spa | ||
| 020 | _a97895804695012 | ||
| 100 | 1 |
_aFlaubert, Gustave _d1821-1880 |
|
| 245 | 1 | 0 |
_aTres cuentos _cGustave Flaubert ; traducción William Ospina |
| 250 | _a2a. edición | ||
| 300 |
_a108, 95 páginas (Paginación variada) _c24 cm |
||
| 490 | _aCara y cruz | ||
| 505 | _aUn corazón sencillo : La leyenda de San Julián el hospitalario ; Herodías | ||
| 600 | 1 | 4 |
_aFlaubert, Gustave _d1821-1880 _xCritica e interpretación _964396 |
| 650 | 1 | 4 |
_2LEMB _aCuentos franceses _ySiglo XIX |
| 650 | 1 | 4 |
_2LEMB _aLiteratura francesa _ySiglo XIX |
| 700 | 1 |
_aOspina, William _920378 |
|
| 740 | 0 | 2 |
_aUn corazón sencillo _aHerodías |
| 740 | 3 | 2 | _aLa leyenda de San Julián el hospitalario |
| 740 | 0 | 2 | _aHerodías |
| 942 |
_2loc _cBKLIT |
||
| 264 |
_aBogotá _bNorma _c2008 |
||
| 336 |
_atexto _btxt _2rdacontent |
||
| 337 |
_asin mediación _bn _2rdamedia |
||
| 338 |
_avolumen _bnc _2rdacarrier |
||
| 040 |
_aCO-BoRNBP _bspa _erda _cCO-BoRNBP |
||
| 084 | _aC FLA2 | ||
| 999 |
_c5668 _d5668 |
||